The Elizabethan world picture / (Record no. 21204)
[ view plain ]
| 000 -LEADER | |
|---|---|
| fixed length control field | 00860nam a2200241 a 4500 |
| 001 - CONTROL NUMBER | |
| control field | 21204 |
| 003 - CONTROL NUMBER IDENTIFIER | |
| rucl marc code | BD-RjUL |
| 005 - DATE AND TIME OF LATEST TRANSACTION | |
| control field | 20211209000647.0 |
| 008 - FIXED-LENGTH DATA ELEMENTS--GENERAL INFORMATION | |
| fixed length control field | 140303r19671943enk b 001 0 eng d |
| 035 ## - SYSTEM CONTROL NUMBER | |
| System control number | (BD-RjUL)21268 |
| 040 ## - CATALOGING SOURCE | |
| Original cataloging agency | ABN:1 |
| Language of cataloging | eng |
| Transcribing agency | ABN:1 |
| Modifying agency | ABN:1 |
| -- | BD-RjUL |
| 041 ## - LANGUAGE CODE | |
| Language code of text/sound track or separate title | eng |
| 082 00 - DEWEY DECIMAL CLASSIFICATION NUMBER | |
| Classification number | 820.903 |
| Author mark and year | TIE 1967 |
| 100 1# - MAIN ENTRY--PERSONAL NAME | |
| Personal name | Tillyard, E. M. W. |
| Fuller form of name | (Eustace Mandeville Wetenhall), |
| Dates associated with a name | 1889-1962. |
| 9 (RLIN) | 55052 |
| 245 14 - TITLE STATEMENT | |
| Title | The Elizabethan world picture / |
| Statement of responsibility, etc. | by E.M.W. Tillyard. |
| 260 ## - PUBLICATION, DISTRIBUTION, ETC. (IMPRINT) | |
| Place of publication, distribution, etc. | London : |
| Name of publisher, distributor, etc. | Chatto & Windus, |
| Date of publication, distribution, etc. | 1943 [impression 1967]. |
| 300 ## - PHYSICAL DESCRIPTION | |
| Pagination | vii, 108 p. ; |
| Size | 22 cm. |
| 504 ## - BIBLIOGRAPHY, ETC. NOTE | |
| Bibliography, etc | Includes bibliographical references, and index. |
| 650 #0 - SUBJECT ADDED ENTRY--TOPICAL TERM | |
| Topical term or geographic name as entry element | English literature |
| Chronological subdivision | Early modern, 1500-1700 |
| General subdivision | History and criticism. |
| 9 (RLIN) | 53256 |
| Topical term or geographic name as entry element | Religious thought |
| Chronological subdivision | 16th century. |
| 9 (RLIN) | 65544 |
| Topical term or geographic name as entry element | Philosophy |
| General subdivision | History |
| Geographic subdivision | England. |
| 9 (RLIN) | 65545 |
| 942 ## - ADDED ENTRY ELEMENTS (KOHA) | |
| Source of classification or shelving scheme | Dewey Decimal Classification |
| Koha item type | Books |
| Lost status | Source of classification or shelving scheme | Damaged status | Not for loan | Collection code | Permanent Location | Current Location | Shelving location | Date acquired | Source of acquisition | Cost, normal purchase price | Total Checkouts | Full call number | Date last seen | Copy number | Koha item type |
|---|---|---|---|---|---|---|---|---|---|---|---|---|---|---|---|
| Dewey Decimal Classification | Non-fiction | Central Library, University of Rajshahi | Central Library, University of Rajshahi | 06/03/1973 | Blackwell. | 0.90 | 820.903 TIE 1967 | 03/03/2014 | C-2 | Books |